[Event "CRO-chT3 West"]
[Site "Croatia"]
[Date "2017.03.25"]
[Round "1.3"]
[White "Desnica, Jovan"]
[Black "Duda, Daniel1111"]
[Result "0-1"]
[WhiteElo "1724"]
[BlackElo "1847"]
[PlyCount "102"]
[EventDate "2017.03.25"]
[EventType "team-tourn"]
[EventRounds "9"]
[EventCountry "CRO"]
[SourceTitle "EXT 2019"]
[Source "ChessBase"]
[SourceDate "2018.10.10"]
[SourceVersion "1"]
[SourceVersionDate "2018.10.10"]
[SourceQuality "1"]

1. e4 c5 2. f4 e6 3. Nf3 d5 4. e5 Nc6 5. c3 Nh6 6. Bb5 Nf5 7. d3 Be7 8. 0-0 0-0 9. g4 Nh4 10. Nxh4 Bxh4 11. g5 Nxe5 12. fxe5 Bxg5 13. Qg4 Bxc1 14. Rxc1 Qb6 15. c4 a6 16. Ba4 Qxb2 17. Nc3 f6 18. Rab1 Qd2 19. Qg3 fxe5 20. Rc2 Qf4 21. Rg2 g6 22. Ne2 Qxg3 23. Rxg3 b5 24. Bb3 Bb7 25. Re3 Rf5 26. Ng3 Rg5 27. Rbe1 e4 28. cxd5 exd5 29. dxe4 c4 30. Bc2 d4 31. Rf3 Re8 32. Rf4 Rge5 33. h4 d3 34. Bd1 c3 35. Bb3+ Bd5 36. Rf3 d2 37. Ref1 Bxb3 38. Rxc3 d1Q 39. Rxd1 Bxd1 40. Kf2 Bg4 41. Rd3 Rf8+ 42. Kg2 Rc5 43. Rd2 Rfc8 44. Kf2 Rc2 45. Ke3 R8c3+ 46. Rd3 Rxd3+ 47. Kxd3 Rf2 48. Kd4 Rxa2 49. e5 Kf7 50. Ne4 Ra4+ 51. Ke3 Rxe4+ 0-1

[Event "CRO-chT3W"]
[Site "Croatia"]
[Date "2016.04.09"]
[Round "4.5"]
[White "Zbasnik, Zeljko"]
[Black "Desnica, Jovan"]
[Result "1-0"]
[WhiteElo "1769"]
[BlackElo "1745"]
[PlyCount "103"]
[EventDate "2016.03.05"]
[EventType "team-tourn"]
[EventRounds "9"]
[EventCountry "CRO"]
[SourceTitle "CBM 171 Extra"]
[Source "ChessBase"]
[SourceDate "2016.04.26"]
[SourceVersion "1"]
[SourceVersionDate "2016.04.26"]
[SourceQuality "1"]
[WhiteTeam "Crikvenica"]
[BlackTeam "Labin"]
[WhiteTeamCountry "CRO"]
[BlackTeamCountry "CRO"]

1. e4 c5 2. Nf3 d6 3. d4 b6 4. dxc5 bxc5 5. Qd5 Nd7 6. Qxa8 Qc7 7. Qd5 Ngf6 8. Qd3 h6 9. Nc3 e6 10. Bf4 e5 11. Bd2 Nb6 12. h3 Be6 13. Be3 Be7 14. Be2 0-0 15. a4 Nc4 16. b3 Nb6 17. Nb5 Qb8 18. Rd1 Rd8 19. Nc3 Qb7 20. Qa6 Qb8 21. a5 Nc8 22. 0-0 Qb4 23. Nd5 Nxd5 24. exd5 Bf5 25. Bd2 Qb8 26. Qc4 Bf6 27. Nh2 Ne7 28. Bg4 Bh7 29. Bc3 Bxc2 30. Rd2 Qxb3 31. Qxb3 Bxb3 32. Rb2 Bxd5 33. Bf3 Bc4 34. Rfb1 Nd5 35. Bxd5 Bxd5 36. Rb8 Kf8 37. Rxd8+ Bxd8 38. Rd1 Be6 39. Rxd6 Ke7 40. Ra6 Bc4 41. Rxa7+ Ke6 42. Nf3 Bf6 43. Nd2 Bd5 44. a6 Kd6 45. f3 Kc6 46. Rb7 Bg5 47. Rb2 Be3+ 48. Kf1 Bxd2 49. a7 Bxc3 50. a8Q+ Kd6 51. Rb6+ Kc7 52. Qa7+ 1-0

[Event "Pula Uljanik CC-ch"]
[Site "Pula"]
[Date "2013.01.26"]
[Round "1"]
[White "Ciganovic, Nikola"]
[Black "Desnica, Jovan"]
[Result "1-0"]
[WhiteElo "2283"]
[BlackElo "1812"]
[PlyCount "57"]
[EventDate "2013.01.17"]
[EventType "swiss"]
[EventRounds "9"]
[EventCountry "CRO"]
[SourceTitle "EXT 2014"]
[Source "ChessBase"]
[SourceDate "2013.11.20"]
[SourceVersion "1"]
[SourceVersionDate "2013.11.20"]
[SourceQuality "1"]

1. e4 d6 2. d4 e6 3. Nc3 Ne7 4. f4 Nd7 5. Be3 c6 6. Nf3 f5 7. e5 Ng6 8. Ng5 Nb6 9. Qh5 Kd7 10. Nf7 Qh4+ 11. Qxh4 Nxh4 12. Nxh8 dxe5 13. Nf7 exf4 14. Bxf4 Ng6 15. Ne5+ Nxe5 16. Bxe5 g6 17. 0-0-0 Bb4 18. h4 h5 19. Rh3 Ke8 20. Ne2 Nd5 21. c4 Ne7 22. Nf4 Ba5 23. Rg3 Kf7 24. Bd6 Bd8 25. Be2 Bd7 26. Nxg6 Nxg6 27. Bxh5 Bxh4 28. Rxg6 Rh8 29. Rh6+ 1-0